Statistics for Religions by belief

Click here to take the quiz!

General Stats

  • This quiz has been taken 61 times
  • The average score is 7 of 15

Answer Stats

BeliefReligion% Correct
Cows are generous creatures who want to give away their milk to people.Hinduism
96%
If you pray in front of a hill in Saudi Arabia in the twelfth month of the lunar calendar, and subsequently die, you will go straight to heaven while everyone else (except martyrs) will have to wait until the Day of Judgement.Islam
92%
There are people who can bless food and drink to turn them into the body and blood of a 2000-year-old man (and you are then supposed to eat it).Catholicism
80%
Japan was created when two gods stirred a spear around in some water.Shinto
70%
Humans were originally created in Jackson County, Missouri.Mormonism
68%
Because they are a technology that was not present around 2000 years ago, rubber tyres should not be used on mobile equipment.Amish
48%
The universe is at least 76 trillion years old.Scientology
48%
There can only be 144 000 people in heaven.Jehovah's Witnesses
46%
Cutting the hair is an insult to God because it implies the imperfection of the body you have been given, but cutting nails is fine even though God also gave you them.Sikhism
46%
If you commit bad deeds in life you might get reborn as a hungry ghost with a big stomach and a small mouth.Buddhism
44%
If you build runways you can summon aeroplanes to bring you stuff and gain eternal prosperity.Cargo Cults
20%
Midgets (also spelled midgits), as well as pirates, are the chosen people.Church of the Flying Spaghetti Monster
14%
A man as tall as a skyscraper once lived for over 8 million years.Jainism
12%
Although everyone should have a goal of creating a new world order in which this religion is the state religion, there is a world government and there is an international language, you should not become involved in politics to achieve this.Bahá'í Faith
10%
You shouldn't eat fava beans because they are made of the same thing, or originated from the same place, as people.Pythagorean Brotherhood
4%

Score Distribution

Percentile by Number Answered

Percent of People with Each Score

Your Score History

You have not taken this quiz